000 00343 a2200157 4500
001 151346
040 _cEscola São Tomás de Aquino
100 _aCARRASCO, Walcyr
240 1 0 _aA megera domada
_lpor
245 1 0 _aA megera domada
300 _a199
362 0 _a2014
440 1 _aModerna
697 _a*LITERATURA JUVENIL
942 _cBK
999 _c151346
_d151346